000 00731nam a2200217 i 4500
001 52917
003 ES-MaACL
005 20250913153948.0
007 t|
008 030910s1970 sp ||||1| spa d
080 _a37.03:612.6
100 1 _aDelarge, Bernarda.
_9173799
245 1 0 _aLibro de la vida y el amor :
_bpara chicos de 8 a 14 años /
_cBernarda Delarge ; traducción Felipe Ximénez de Sandoval.
260 _aMadrid :
_bStudium,
_c[1970]
300 _a144 p., 3 lám. :
_bil. ;
_c20 cm.
650 7 _aEducación sexual de niños
_2embne
_912122
650 4 _aSexualidad.
_917078
700 1 _aXiménez de Sandoval, Felipe,
_d1903-1978
_9117510
852 4 _aES-MaACL
_jC-44272
999 _c52917
_d52917